| 000 | 01822nam a22002297a 4500 | ||
|---|---|---|---|
| 001 | 9153 | ||
| 003 | FISKH | ||
| 005 | 20251126091758.0 | ||
| 008 | 251126b cb ||||| |||| 00| 0 eng d | ||
| 020 | _a9789995001209 | ||
| 040 |
_aFISKH _bkhr _cFISKH _dFISKH |
||
| 082 | _a372.83 | ||
| 100 | _aSophy , Van | ||
| 245 |
_aសិក្សាសង្គម ថ្នាក់ទី ៤ / _cគណះកម្មការនិពន្ធ លោកស្រី វ៉ាន់ សុភី , លោក ងិន សុតារា , លោក គង់ ហាក់ និង លោក យិន សុធា |
||
| 260 |
_aភ្នំពេញ : _bគ្រឹះស្ថានបោះពុម្ពនិងចែកផ្សាយ , _c2010 . |
||
| 300 |
_a108 pages : _billustrations ; _c25 cm . |
||
| 520 | _aសៀវភៅនេះជាកម្រងខ្លឹមសារសំខាន់ៗដែលមានទំនាក់ទំនងទៅនឹងជីវភាពរស់នៅជាក់ស្តែងនៅក្នុងសង្គម ។ ខ្លឹមសារទាំងអស់បានសំរិតសំរាំងដើម្បីជួយប្អូនៗក្នុងការអភិវឌ្ឍចំណេះដឹង បំណិន និង ឥរិយាបថតាមកម្រិតវ័យនិងតម្រូវការចាំបាច់របស់ប្អូនៗ ។ | ||
| 520 | _a“This book is a collection of essential content related to real-life living conditions in society. All of the material has been carefully selected to help students develop knowledge, skills, and attitudes appropriate to their age and necessary for their needs.” | ||
| 700 |
_aSovanna, Long _eIllustrator |
||
| 942 |
_2ddc _cKHB _n0 |
||
| 999 |
_c9153 _d9153 |
||